| 000 | 01188nam a2200349 c 4500 | ||
|---|---|---|---|
| 001 | 58671 | ||
| 003 | CO-BoRNBP | ||
| 005 | 20250827162812.0 | ||
| 007 | ta | ||
| 008 | 141031s2014 sp a br 000 f spa d | ||
| 020 | _a9788426131928 | ||
| 040 |
_aCO-BoRNBP _bspa _erda _cCO-BoRNBP |
||
| 041 | 1 | _aspa | |
| 043 | _ae-sw--- | ||
| 084 | _aN | ||
| 100 |
_aLindgren, Astrid, _d1907-2002 _eaut _9190 |
||
| 245 | 1 | 0 |
_aPippi calzaslargas / _cAstrid Lindgren ; ilustraciones Richard Kennedy ; traducción de Blanca Rios. |
| 250 | _aDécima edición | ||
| 264 | 1 |
_aBarcelona, España : _bJuventud, _c2014 |
|
| 300 |
_a137 páginas : _bilustraciones en blanco y negro |
||
| 336 |
_atexto _btxt _2rdacontent |
||
| 337 |
_asin mediación _bn _2rdamedia |
||
| 338 |
_avolumen _bnc _2rdacarrier |
||
| 521 | 1 | _aRecomendado para un público infantil mayor de 8 años | |
| 650 | 0 | 4 |
_aLiteratura infantil sueca _ySiglo XX _2LEMB _963785 |
| 650 | 0 | 7 |
_aNiños en la literatura _2lemb _9873 |
| 650 | 0 | 4 |
_aNovela infantil sueca _ySiglo XX _2LEMB _963786 |
| 650 | 0 | 7 |
_aTravesuras en la literatura _2lemb |
| 700 |
_aKennedy, Richard _eill _963787 |
||
| 700 |
_aRios, Blanca _etrl _963788 |
||
| 942 |
_2loc _cBKLITI |
||
| 999 |
_c58671 _d58671 |
||